00553nam a22001932 4500001001100000005001700011008004100028020001700069040001500086100003600101245004900137250001200186260003200198300001700230650003600247650003400283700003900317852000300356000002120120151217152227.0120206s xx 000 0 eng d a1412978729 : aKABUcKABU1 aAltschuld, James W.@000018193910aNeeds Assessment :bphase 1 getting started. a1st ed. aLos Angeles :bSage,c2010. axiii, 135 p. 0aStrategic planning.@0000150576 0aNeeds assessment.@00001819401 aEastmond, J. Nicholls.@00001819411